00801nam a2200241 i 4500003000900000005001700009006001900026007000300045008004100048020001800089040003000107082001400137100003600151245003500187264004600222300006900268336002700337337003300364338002800397500008300425650002700508650002400535DO-SdBNP20240529132238.0a||||gr|||| 00| 0 ta240513e1982 dr aoc|| |||| 00| p spa d a9798858740094 aDO-SdBNPbspacBNPHUerda 1222bD331e aOrbe, Antonio del,d1964eautor10aElíseos /cAntonio del Orbe. 1aSanto Domingo :b[no identificado],c1982 a57 páginas :bilustraciones, fotografía, retratos ; c23 cm. 2rdacontentatextobtxt 2rdamediaasin mediaciónbn 2rdacarrieravolumenbnc aIncluye datos biográficos del autor en la página 55 y en la contraportada. 4aLiteratura dominicana. 0aPoesía dominicana